000 00265nam a2200109Ia 4500
008 201231s9999 xx 000 0 und d
100 _aBayly, C.A.
245 0 _aEmpire & information.
260 _aCambridge
_bCambridge University Press
300 _a412
942 _cBK
999 _c9474
_d9474